[Event "Mechanics' Fall TNM; 30/90, SD/30"]
[Site "San Francisco"]
[Date "2013.10.29"]
[Round "2.14"]
[White "Casares Jr, Nick"]
[Black "Wong, Russell"]
[Result "0-1"]
[WhiteElo "1600"]
[BlackElo "2200"]
[PlyCount "58"]
[EventDate "2013.??.??"]

1. e4 Nf6 2. e5 Nd5 3. c4 Nb6 4. d4 d6 5. f4 dxe5 6. fxe5 Bf5 7. Nf3 e6 8. Nc3
Nc6 9. a3 Bg4 10. Be3 Bxf3 11. Qxf3 Nxd4 12. Bxd4 Qxd4 13. Qxb7 Bc5 14. Qc6+
Kf8 15. Qf3 Rd8 16. Rd1 Qxe5+ 17. Be2 Ke7 18. Ne4 Rxd1+ 19. Kxd1 Qxb2 20. Nxc5
Qb1+ 21. Kd2 Rd8+ 22. Bd3 Nxc4+ 23. Ke2 Qb2+ 24. Ke1 Qd2+ 25. Kf1 Ne3+ 26. Kg1
Qe1+ 27. Bf1 Rd1 28. h3 Nxf1 29. Qxf1 Qxf1+ 0-1

[Event "Mechanics' Winter TNM; 30/90, SD/30"]
[Site "San Francisco"]
[Date "2013.01.29"]
[Round "4.17"]
[White "Cendejas, Jesus"]
[Black "Donnelly, Patrick"]
[Result "1-0"]
[WhiteElo "1916"]
[BlackElo "1643"]
[Annotator "Donaldson"]
[PlyCount "65"]
[EventDate "2013.??.??"]

1. g3 Nf6 2. Bg2 d5 3. c4 e5 4. cxd5 Nxd5 5. Nc3 Be6 6. Qb3 $5 Nb6 (6... Nb4 7.
Qa4+ N8c6 8. Nf3 f6 9. O-O Be7) 7. Qb5+ c6 (7... N8d7 8. Bxb7 Rb8) 8. Qxe5 N8d7
9. Qe4 Bc5 10. Qc2 O-O 11. Nf3 Re8 12. d4 Bb4 13. O-O Bc4 14. Re1 Nf6 15. Bg5
Qd6 16. Bxf6 Qxf6 17. a3 Be7 18. Ne5 Ba6 19. e4 c5 20. Nd5 Nxd5 21. exd5 cxd4
22. Qd2 Qd6 23. Qxd4 Rac8 24. Rac1 Rxc1 25. Rxc1 Bf6 26. f4 g6 27. Re1 Bd8 28.
Kh1 Bb6 29. Qc3 Bf2 30. Rc1 Bb6 31. Ng4 Kf8 32. Qh8+ Ke7 33. Re1+ 1-0

[Event "Mechanics' Winter TNM; 30/90, SD/30"]
[Site "San Francisco"]
[Date "2013.02.12"]
[Round "6.18"]
[White "Cendejas, Jesus"]
[Black "Ebert, John"]
[Result "0-1"]
[WhiteElo "1916"]
[BlackElo "1690"]
[PlyCount "56"]
[EventDate "2013.??.??"]

1. d4 e6 2. c4 d5 3. Nc3 c5 4. e3 Nf6 5. Nf3 Nc6 6. Be2 a6 7. O-O Bd6 8. dxc5
Bxc5 9. cxd5 exd5 10. a3 O-O 11. b4 Ba7 12. Bb2 Be6 13. Qd3 Qc7 14. Ng5 Ne5 15.
Nxe6 fxe6 16. Qd2 Neg4 17. g3 h5 18. Bxg4 Nxg4 19. Ne2 Qf7 20. Nf4 Rad8 21.
Rad1 h4 22. h3 Nf6 23. gxh4 Nh5 24. Nxh5 Qxh5 25. Qc3 Qg6+ 26. Kh2 Rf3 27. Rd4
Bb8+ 28. Rf4 Bxf4+ 0-1

[Event "Mechanics' Winter TNM; 30/90, SD/30"]
[Site "San Francisco"]
[Date "2013.01.15"]
[Round "2.19"]
[White "Cendejas, Jesus"]
[Black "Rakonitz, David"]
[Result "1-0"]
[WhiteElo "1916"]
[BlackElo "1490"]
[PlyCount "83"]
[EventDate "2013.??.??"]

1. d4 Nf6 2. c4 e6 3. Nc3 Bb4 4. e3 c5 5. a3 Bxc3+ 6. bxc3 d6 7. Bd3 Nc6 8. Nf3
e5 9. d5 Ne7 10. Qc2 h6 11. O-O O-O 12. Nd2 Bg4 13. f4 exf4 14. Rxf4 Bh5 15.
Ne4 Nxe4 16. Bxe4 Bg6 17. Bd2 Bxe4 18. Qxe4 Ng6 19. Rg4 Qe7 20. Qxe7 Nxe7 21.
e4 Ng6 22. Bf4 Nxf4 23. Rxf4 Rae8 24. Re1 Re5 25. Rf5 Rfe8 26. Rxe5 Rxe5 27.
Kf2 f6 28. g4 Kf7 29. Ke3 h5 30. h3 hxg4 31. hxg4 Re8 32. Rh1 Rg8 33. Kf4 Kg6
34. Rb1 Rb8 35. a4 a5 36. Rb6 Ra8 37. Rxd6 Rb8 38. e5 Re8 39. e6 Rb8 40. Rd7 b6
41. d6 Rh8 42. Rb7 1-0

[Event "Mechanics' Winter TNM; 30/90, SD/30"]
[Site "San Francisco"]
[Date "2013.02.05"]
[Round "5.25"]
[White "Cendejas, Juan"]
[Black "Allen, Tom"]
[Result "1-0"]
[WhiteElo "1849"]
[BlackElo "1535"]
[PlyCount "59"]
[EventDate "2013.??.??"]

1. e4 e5 2. f4 d5 3. exd5 c6 4. Nf3 e4 5. Ne5 Qxd5 6. Bc4 Qc5 7. d4 Qe7 8. Nxf7
Be6 9. Bxe6 Qxe6 10. Nxh8 Nf6 11. O-O Qg8 12. Nc3 Nbd7 13. Qe2 O-O-O 14. a4 Re8
15. Be3 Kb8 16. a5 Bd6 17. Rfb1 Qxh8 18. b4 h5 19. b5 c5 20. dxc5 Bxc5 21. Bxc5
Nxc5 22. Qc4 Qf8 23. a6 b6 24. Nd5 Qf7 25. Nxb6 Qxc4 26. Nxc4 Nd5 27. b6 Nc3
28. bxa7+ Kxa7 29. Rb7+ Nxb7 30. axb7+ 1-0

[Event "Mechanics' Winter TNM; 30/90, SD/30"]
[Site "San Francisco"]
[Date "2013.02.12"]
[Round "6.19"]
[White "Cendejas, Juan"]
[Black "Doyle, Bryon"]
[Result "0-1"]
[WhiteElo "1849"]
[BlackElo "2015"]
[PlyCount "78"]
[EventDate "2013.??.??"]

1. e4 e5 2. f4 exf4 3. Nf3 g5 4. Bc4 Bg7 5. d4 d6 6. O-O h6 7. Nc3 Nc6 8. e5
dxe5 9. Re1 Nge7 10. d5 g4 11. dxc6 Qxd1 12. Rxd1 gxf3 13. gxf3 bxc6 14. Ne4
Nf5 15. c3 Rg8 16. Kf2 Ke7 17. b3 Nd6 18. Ba3 Rd8 19. Rg1 Bh8 20. Rad1 Bf5 21.
Bd3 Be6 22. Ba6 Rab8 23. Nc5 Bf6 24. Bb7 Nb5 25. Bb4 Rxd1 26. Rxd1 Bh4+ 27. Ke2
Nd6 28. Bxc6 Rg8 29. Ne4 Rg2+ 30. Kd3 Rxa2 31. c4 Bf5 32. Rd2 Rxd2+ 33. Kxd2
Bd7 34. Bd5 f5 35. c5 Nxe4+ 36. fxe4 c6 37. exf5 cxd5 38. c6+ Kd8 39. cxd7 Kxd7
0-1

[Event "Mechanics' Winter TNM; 30/90, SD/30"]
[Site "San Francisco"]
[Date "2013.01.15"]
[Round "2.20"]
[White "Cendejas, Juan"]
[Black "Nelson, Christopher"]
[Result "1/2-1/2"]
[WhiteElo "1849"]
[BlackElo "1513"]
[PlyCount "124"]
[EventDate "2013.??.??"]

1. e4 e5 2. f4 exf4 3. Nf3 g5 4. Bc4 d6 5. Nc3 g4 6. O-O Bg7 7. d3 gxf3 8. Qxf3
Bd4+ 9. Kh1 Be6 10. Bxe6 fxe6 11. Qh5+ Kd7 12. Rxf4 Kc8 13. Nb5 Be5 14. Rf7 Nf6
15. Qh3 Nfd7 16. d4 a6 17. dxe5 axb5 18. exd6 Rf8 19. Qxe6 Rxf7 20. Qxf7 Qf8
21. Qxf8+ Nxf8 22. Bh6 Ne6 23. dxc7 Kxc7 24. c3 Nd7 25. a3 Ndc5 26. Re1 Nd3 27.
Re2 Rd8 28. g3 Rd6 29. Be3 Ne5 30. Bf4 Rd1+ 31. Kg2 Nxf4+ 32. gxf4 Ng6 33. Rf2
Rd3 34. h3 Nh4+ 35. Kh2 Kd7 36. f5 Nf3+ 37. Kg3 Ng5+ 38. Kg4 Nxe4 39. Re2 h5+
40. Kf4 Nf6 41. Kg5 Nd5 42. f6 Rf3 43. Rd2 Ke6 44. f7 Rf5+ 45. Kg6 Nf4+ 46. Kh6
Rxf7 47. Rd4 Kf5 48. Rb4 Rf6+ 49. Kh7 Rf7+ 50. Kg8 Kg6 51. Re4 Rg7+ 52. Kf8
Rf7+ 53. Ke8 Nxh3 54. Re6+ Rf6 55. Re5 Ng5 56. Rxb5 h4 57. Rxb7 h3 58. Rd7 Re6+
59. Kf8 Rf6+ 60. Ke8 Re6+ 61. Kf8 Rf6+ 62. Ke8 Re6+ {
Both sides had only about a minute left.} 1/2-1/2

[Event "Mechanics' Fall TNM; 30/90, SD/30"]
[Site "San Francisco"]
[Date "2013.12.03"]
[Round "7.16"]
[White "Chalissery, Jossy"]
[Black "Grey, Peter"]
[Result "0-1"]
[WhiteElo "1760"]
[BlackElo "2000"]
[PlyCount "112"]
[EventDate "2013.??.??"]

1. d4 Nf6 2. c4 g6 3. Nc3 d5 4. cxd5 Nxd5 5. e4 Nxc3 6. bxc3 Bg7 7. Nf3 c5 8.
Be2 O-O 9. O-O b6 10. Bb2 Bb7 11. Qc2 Qc7 12. d5 Nd7 13. c4 Bxb2 14. Qxb2 Qf4
15. Bd3 e5 16. Qd2 Qxd2 17. Nxd2 f5 18. Rfe1 f4 19. Nf3 h6 20. g3 $2 fxg3 21.
Re3 gxf2+ 22. Kxf2 Rf4 23. Kg3 Raf8 24. Nh4 Kg7 25. Rf3 Nf6 26. Raf1 Nh5+ 27.
Kg2 Rxf3 28. Rxf3 Rxf3 29. Kxf3 Nf4 30. Bf1 Bc8 31. a3 Kf6 32. Kg3 Nh5+ 33. Kf2
Kg5 34. Ng2 Nf4 35. Ne3 Bd7 36. Kg3 Nh5+ 37. Kf2 Nf6 38. Bd3 Ng4+ 39. Nxg4 Kxg4
40. Bf1 Kf4 41. Bg2 g5 42. Bh1 g4 43. Bg2 h5 44. Bh1 h4 45. Bg2 a6 46. Ke2 g3
47. h3 b5 48. Kd3 Kg5 49. Kc3 Kf6 50. Kd3 Ke7 51. Kc3 Kd6 52. Bf1 Kc7 53. Kd3
Kb6 54. Ke3 Ka5 55. cxb5 axb5 56. Bd3 Bxh3 0-1

[Event "Mechanics' Fall TNM; 30/90, SD/30"]
[Site "San Francisco"]
[Date "2013.11.26"]
[Round "6.24"]
[White "Chalissery, Jossy"]
[Black "Harris, Clarence"]
[Result "1-0"]
[WhiteElo "1760"]
[BlackElo "1314"]
[PlyCount "69"]
[EventDate "2013.??.??"]

1. Nf3 Nf6 2. g3 g6 3. Bg2 Bg7 4. O-O O-O 5. d3 d6 6. e4 e5 7. a4 a5 8. Na3 Be6
9. Qe1 c6 10. b3 Nbd7 11. Bb2 Qc7 12. Nc4 Bxc4 13. bxc4 c5 14. Bc3 Nb8 15. Bd2
Nc6 16. c3 Nd7 17. Qc1 Ra6 18. Qc2 Rb6 19. Rfb1 Rxb1+ 20. Rxb1 Na7 21. Bc1 Nb6
22. Nd2 Qc6 23. Ra1 Qd7 24. Nf1 h5 25. h4 Kh7 26. Ne3 Bh6 27. Nd5 Nxd5 28. Bxh6
Kxh6 29. cxd5 Qc7 30. c4 Qe7 31. Qd2+ Kh7 32. Qxa5 b6 33. Qd2 g5 34. Qxg5 Qxg5
35. hxg5 1-0

[Event "Mechanics' Fall TNM; 30/90, SD/30"]
[Site "San Francisco"]
[Date "2013.11.12"]
[Round "4.24"]
[White "Chalissery, Jossy"]
[Black "Yamamoto, Craig"]
[Result "0-1"]
[WhiteElo "1760"]
[BlackElo "1509"]
[PlyCount "152"]
[EventDate "2013.??.??"]

1. b3 b6 2. Bb2 Bb7 3. e3 e6 4. Nf3 Nf6 5. Be2 Be7 6. O-O O-O 7. d3 d5 8. Nbd2
Nbd7 9. c4 c6 10. cxd5 cxd5 11. Rc1 Rc8 12. Rxc8 Qxc8 13. Qb1 Qb8 14. d4 Ne4
15. Bd3 Ndf6 16. Bxe4 Nxe4 17. Nxe4 dxe4 18. Ne5 Qd6 19. Rc1 b5 20. h3 f6 21.
Ng4 b4 22. Nh2 f5 23. Nf1 Ba6 24. Nd2 Bd3 25. Qa1 f4 26. Nc4 Qd5 27. Ne5 fxe3
28. fxe3 Bh4 29. Kh2 Bf2 30. Rc5 Qd8 31. Qc1 Qh4 32. Rc8 Bg3+ 33. Kg1 Qf6 34.
Ng4 Qf7 35. Ne5 Qf2+ 36. Kh1 Qf1+ 37. Qxf1 Bxf1 38. Rxf8+ Kxf8 39. Nc6 Be1 40.
Bc1 a6 41. Ne5 Bd3 42. Nc4 Bxc4 43. bxc4 Bc3 44. Kg1 a5 45. Kf1 a4 46. Ke2 b3
47. axb3 axb3 48. Kd1 b2 49. Bxb2 Bxb2 50. c5 Bc3 51. g4 Bb4 52. Ke2 Kf7 53. h4
Kf6 54. Kd1 h5 55. g5+ Kf5 56. Kc2 Kg4 57. Kb3 Ba5 58. Ka4 Bd8 59. Kb5 Kf3 60.
Kc6 Kxe3 61. Kd7 Kxd4 62. c6 Ba5 63. c7 Bxc7 64. Kxc7 e3 65. Kd7 e2 66. Ke7
e1=Q 67. Kf7 Qxh4 68. g6 Qf6+ 69. Kg8 Qxg6 70. Kf8 Ke5 71. Ke7 Kd5 72. Kf8 Kd6
73. Kg8 Ke7 74. Kh8 Kf6 75. Kg8 Qe8+ 76. Kh7 g5 0-1

[Event "Mechanics' Neil Falconer TNM; 30/90, SD"]
[Site "San Francisco"]
[Date "2013.08.06"]
[Round "1.20"]
[White "Chandrasekaran, Siddarth"]
[Black "Askin, Michael"]
[Result "1/2-1/2"]
[WhiteElo "1466"]
[BlackElo "1887"]
[Annotator "Donaldson"]
[PlyCount "102"]
[EventDate "2013.??.??"]

1. d4 d5 2. c4 dxc4 3. Nc3 c6 4. a4 Nf6 5. e4 e5 6. d5 Bb4 7. Bxc4 Nxe4 8. Qb3
Qa5 9. Nge2 Nd6 10. Bd2 Nxc4 11. Qxc4 O-O 12. Rd1 Rd8 13. O-O cxd5 14. Nxd5
Bxd2 15. Nc7 Nc6 16. Nxa8 Bf5 17. Qb5 Qxb5 18. axb5 Ne7 19. Nc7 Bc2 20. Ra1 Rd7
21. b6 a6 22. Ng3 Nc8 23. Nxa6 Nxb6 24. Nc5 Rc7 25. Nge4 Bh6 26. b4 f5 27. Nd6
Rc6 28. Ncxb7 g6 29. b5 Rc7 30. Ra6 Nd7 31. Ra8+ Bf8 32. Rc1 Nb6 33. Rb8 Nd7
34. Rc8 Rxc8 35. Nxc8 Bd3 36. Nbd6 Nb6 37. Nxb6 Bxd6 38. Rd1 e4 39. Nc8 Bf4 40.
b6 Ba6 41. Nd6 e3 42. b7 exf2+ 43. Kxf2 Bxd6 44. Rxd6 Bxb7 45. Rd7 (45. Rd8+
Kf7 46. Rd7+ $18) 45... Be4 46. g3 g5 47. Ke3 Bc6 48. Rc7 Be8 49. Kd4 Bg6 50.
Ke5 Kf8 51. Kf6 f4 {White is winning after 52.g4.} 1/2-1/2

[Event "Mechanics' Neil Falconer TNM; 30/90, SD"]
[Site "San Francisco"]
[Date "2013.09.03"]
[Round "5.10"]
[White "Chandrasekaran, Siddarth"]
[Black "Chen, Mingson"]
[Result "0-1"]
[WhiteElo "1466"]
[BlackElo "1900"]
[PlyCount "63"]
[EventDate "2013.??.??"]

1. d4 e6 2. c4 d5 3. Nc3 c5 4. e3 Nf6 5. Nf3 dxc4 6. Bxc4 a6 7. a4 Nc6 8. O-O
cxd4 9. exd4 Be7 10. Re1 O-O 11. d5 exd5 12. Nxd5 Nxd5 13. Bxd5 Bb4 (13... Nb4
$1 14. Bb3 Qxd1 15. Rxd1 Bf5) 14. Re2 (14. Bg5 $1) 14... Be6 15. Bb3 (15. Rxe6
fxe6 16. Bxe6+ Kh8 17. Be3 $15) 15... Qxd1+ 16. Bxd1 Bd5 17. Ne5 Nd4 18. Re3
Rad8 19. Bf3 Nc2 20. Rd3 Bxf3 21. Rb1 Be4 22. Rxd8 Rxd8 23. Bg5 f6 24. Bh4 Nd4
25. Nc4 Bxb1 26. h3 Nf5 27. Bg3 Nxg3 28. fxg3 Rd1+ 29. Kf2 Bc5+ 30. Ke2 Bd3+
31. Kxd1 Bxc4 32. Kd2 0-1

[Event "Mechanics' Neil Falconer TNM; 30/90, SD"]
[Site "San Francisco"]
[Date "2013.08.20"]
[Round "3.21"]
[White "Chandrasekaran, Siddarth"]
[Black "Newey, Richard"]
[Result "1/2-1/2"]
[WhiteElo "1466"]
[BlackElo "1842"]
[Annotator "Donaldson"]
[PlyCount "101"]
[EventDate "2013.??.??"]

1. d4 Nf6 2. c4 g6 3. Nc3 d5 4. Nf3 Bg7 5. Bf4 c6 6. e3 O-O 7. Be2 Nh5 8. Bg5
h6 9. Bh4 Bg4 10. Qb3 Bxf3 11. Bxf3 Nd7 12. cxd5 c5 13. d6 Bf6 14. dxe7 Qxe7
15. Nd5 Qd8 16. Nxf6+ Nhxf6 17. Bxf6 (17. O-O $18) 17... Qa5+ 18. Qc3 Qxc3+ 19.
bxc3 Nxf6 20. Bxb7 (20. Rb1) 20... Rab8 21. Bf3 (21. Rb1 Nd5 22. Kd2 $18) 21...
cxd4 22. cxd4 Rfc8 23. O-O Rb2 24. a4 a5 25. g3 Rcc2 26. d5 (26. Rac1) 26...
Nd7 27. Rac1 Ne5 28. Rxc2 Nxf3+ 29. Kg2 Nh4+ 30. gxh4 Rxc2 31. Rd1 Kf8 32. Rd4
Rb2 33. Kf3 Ke7 34. d6+ Kd7 35. Rd5 Rb4 36. Rxa5 Kxd6 37. Kg3 (37. h5 $1 g5 38.
Ra6+ Ke7 39. a5 Ra4 40. Ra8 Kf6 41. a6 Kg7 42. Ke2 Ra3 43. Kd2 Ra2+ 44. Kc3
Rxf2 45. Rb8 Ra2 46. Rb6 f5 47. Kd4 f4 48. exf4 gxf4 49. Ke4 Rxh2 (49... Ra4+
50. Kf3 Kh7 (50... Ra5 51. Kxf4 Rxh5 52. Rb7+ Kf6) 51. Rg6 (51. Rb7+ Kg8 52. a7
) 51... Ra5)) 37... h5 38. Ra7 (38. f4) 38... Rg4+ 39. Kh3 Ke6 40. a5 Ra4 41.
a6 Kf6 42. Kg3 Rg4+ 43. Kh3 Ra4 44. Kg2 Rg4+ 45. Kf1 Rxh4 46. f4 Rxh2 47. Rb7
Ra2 48. a7 Ke6 49. Kg1 h4 50. Kh1 f6 51. e4 1/2-1/2

[Event "Mechanics' Fall TNM; 30/90, SD/30"]
[Site "San Francisco"]
[Date "2013.12.10"]
[Round "8.19"]
[White "Chandrasekaran, Siddarth"]
[Black "Sherwood, Peter"]
[Result "0-1"]
[WhiteElo "1663"]
[BlackElo "1816"]
[Annotator "Donaldson"]
[PlyCount "70"]
[EventDate "2013.??.??"]

1. d4 d5 2. c4 dxc4 3. Nc3 (3. Nf3 Nc6 4. d5 Na5 5. e4) 3... a6 (3... e5) 4. a4
$6 (4. e3 b5 (4... e6 5. Bxc4 c5) 5. a4 b4 6. Bxc4 bxc3 (6... e6) 7. Qf3) 4...
Nc6 5. Nf3 (5. d5 Na5) 5... e5 6. dxe5 (6. e3) (6. Nxe5 Nxe5 7. dxe5 Qxd1+ 8.
Nxd1 Be6) 6... Qxd1+ 7. Nxd1 Be6 8. Nc3 O-O-O (8... Nb4) 9. e4 (9. Bf4 Nb4 10.
Rc1) 9... Bc5 10. Ng5 (10. Bg5 Nge7 11. Be2 h6 12. Bxe7 Nxe7) 10... Nxe5 11. f4
Nd3+ 12. Bxd3 cxd3 13. f5 Bc4 14. Nd5 Bxd5 15. exd5 Rd7 16. Bf4 h6 17. Nf3 f6
18. Rc1 Bb6 19. d6 Kb8 (19... h5) 20. dxc7+ (20. Nh4 cxd6 21. Ng6 Rh7 22. Nf8
g5 23. Nxh7 gxf4) 20... Bxc7 (20... Kc8) 21. Bxc7+ Rxc7 22. Rxc7 Kxc7 23. Nd4 (
23. Kd2 Ne7) 23... Ne7 24. g4 (24. Kd2) 24... Kd6 (24... h5) 25. Kf2 (25. Kd2)
25... Nd5 26. Rd1 Nb4 27. Ne6 Rc8 28. Nd4 Re8 29. Ne6 Rc8 30. Nd4 Rc4 31. Ke3
Kd5 32. Ne6 Rxg4 33. Nf4+ Ke5 34. Nxd3+ Nxd3 35. Rxd3 Kxf5 0-1

[Event "Mechanics' Fall TNM; 30/90, SD/30"]
[Site "San Francisco"]
[Date "2013.11.19"]
[Round "5.21"]
[White "Chandrasekaran, Siddarth"]
[Black "Weiss, Nicholas G"]
[Result "0-1"]
[WhiteElo "1663"]
[BlackElo "1191"]
[PlyCount "68"]
[EventDate "2013.??.??"]

1. d4 d5 2. c4 e6 3. Nc3 Nf6 4. Nf3 Nbd7 5. Bf4 Bb4 6. a3 Bxc3+ 7. bxc3 dxc4 8.
Qa4 O-O 9. Qxc4 Nd5 10. Bg3 N7b6 11. Qb3 Bd7 12. e4 Ba4 13. Qb2 Ne7 14. c4 Rc8
15. c5 Nd7 16. Qxb7 Bc6 17. Qb1 Rb8 18. Qc2 f5 19. Ng5 Rf6 20. e5 Rg6 21. Bh4
Nf8 22. Rd1 Nd5 23. Be2 Rxg5 24. Rf1 Ng6 25. Bxg5 Qxg5 26. Bf3 Nh4 27. Bxd5
Bxd5 28. g3 Nf3+ 29. Ke2 Be4 30. Qc1 Qxc1 31. Rxc1 Rb2+ 32. Ke3 Rb3+ 33. Ke2
Nxd4+ 34. Kd1 Bg2 {score becomes impossible} 0-1

[Event "Mechanics' Summer TNM; 30/90, SD/30"]
[Site "San Francisco"]
[Date "2013.06.11"]
[Round "3.33"]
[White "Chea, Na"]
[Black "Anderson, Michael"]
[Result "0-1"]
[WhiteElo "1428"]
[BlackElo "1946"]
[Annotator "Donaldson"]
[PlyCount "86"]
[EventDate "2013.??.??"]

1. d4 Nf6 2. c4 e5 3. dxe5 Ng4 4. e4 Nxe5 5. f4 Nec6 6. Be3 b6 7. Nf3 Na6 8.
Bd3 Nc5 9. Bc2 Nb4 10. O-O Bb7 11. e5 Nxc2 12. Qxc2 Be4 13. Qd2 a5 14. Nc3 Bd3
15. Rfd1 Bxc4 16. Qd4 Be6 17. a3 Nb3 18. Qe4 Nxa1 19. Rxa1 Be7 20. f5 Bb3 21.
f6 Bf8 22. a4 Be6 23. Rd1 g6 24. Ng5 Bb3 25. e6 $2 (25. Nd5 $1 $16) 25... Bxe6
26. Nxe6 fxe6 27. Bg5 $2 (27. f7+) 27... Bc5+ 28. Kh1 Kf7 $19 29. Qd3 d5 30.
Qh3 Qc8 31. Qh6 Qf8 32. Qh3 Qe8 33. Qh6 Bf8 34. Qh3 c6 35. Re1 e5 36. Rc1 Qe6
37. Qd3 Qf5 38. Qd2 h6 39. Bh4 Bb4 40. Qd1 Bxc3 41. bxc3 Rad8 42. Qb3 Qf4 43.
Rg1 Qxh4 0-1

[Event "Mechanics' Fall TNM; 30/90, SD/30"]
[Site "San Francisco"]
[Date "2013.11.12"]
[Round "4.25"]
[White "Chea, Na"]
[Black "Chandrasekaran, Siddarth"]
[Result "0-1"]
[WhiteElo "1434"]
[BlackElo "1663"]
[Annotator "Winslow,Elliott C"]
[PlyCount "58"]
[EventDate "2013.??.??"]

1. d4 Nf6 2. Nf3 g6 3. c4 c5 4. d5 b5 5. cxb5 a6 6. bxa6 Bxa6 7. Nc3 d6 8. g3
Bg7 9. Bg2 O-O 10. O-O Nbd7 11. Re1 Qb6 12. Qc2 Bb7 13. e4 Ng4 14. h3 Nge5 15.
Nd2 Ba6 16. Re3 c4 17. Nf3 Nd3 18. Ne1 Bd4 19. Re2 N7e5 20. Be3 f5 21. Bxd4
Qxd4 22. Nf3 Nxf3+ 23. Bxf3 fxe4 24. Rxe4 Qa7 25. Qe2 Rf7 26. Rf1 Raf8 27. Bg4
Rxf2 28. Rxf2 Rxf2 29. Rxe7 Rxe2+ (29... Rxe2+ {0-1??} 30. Rxa7 Re1+ 31. Kg2
Nc5 32. Be6+ $18 Kh8 33. a4) 0-1

[Event "Mechanics' Fall TNM; 30/90, SD/30"]
[Site "San Francisco"]
[Date "2013.11.26"]
[Round "6.33"]
[White "Chea, Na"]
[Black "Gomboluudev, Enkhjin"]
[Result "1-0"]
[WhiteElo "1434"]
[BlackElo "1137"]
[PlyCount "59"]
[EventDate "2013.??.??"]

1. d4 Nf6 2. c4 e6 3. Nc3 Bb4 4. Bg5 d5 5. Qc2 h6 6. Bh4 c5 7. e3 Nc6 8. Nf3 g5
9. Bg3 Qa5 10. Be2 Ne4 11. O-O Nxc3 12. bxc3 Bxc3 13. Rab1 cxd4 14. exd4 Nxd4
15. Nxd4 Bxd4 16. cxd5 exd5 17. Bb5+ Kd8 18. Rfc1 Bb6 19. Be5 Ke7 20. Bxh8 Be6
21. Bc3 Bxf2+ 22. Qxf2 Qd8 23. Qf6+ Kf8 24. Qh8+ Ke7 25. Qf6+ Kf8 26. Qxh6+ Ke7
27. Qxg5+ Kf8 28. Qh6+ Ke7 29. Bf6+ Kd6 30. Qf4# 1-0

[Event "Mechanics' Summer TNM; 30/90, SD/30"]
[Site "San Francisco"]
[Date "2013.07.09"]
[Round "7.28"]
[White "Chea, Na"]
[Black "Hack, Richard"]
[Result "0-1"]
[WhiteElo "1428"]
[BlackElo "1633"]
[PlyCount "78"]
[EventDate "2013.??.??"]

1. d4 f5 2. Nf3 Nf6 3. e3 e6 4. a3 Be7 5. b4 a5 6. bxa5 Nc6 7. Bd3 Nxa5 8. O-O
b6 9. Bb2 Bb7 10. c4 O-O 11. Nbd2 Ne4 12. Qc2 d5 13. Rfc1 c6 14. Be2 Rc8 15.
Bc3 g5 16. Bxa5 bxa5 17. Nxe4 fxe4 18. Nd2 Qe8 19. Rf1 c5 20. f3 Qh5 21. Qd1
Bd6 22. g3 Qh3 23. f4 gxf4 24. exf4 cxd4 25. Bg4 Qh6 26. Nb3 d3 27. cxd5 Bxd5
28. Re1 Rc2 29. Re2 Bxb3 30. Rxc2 Bxc2 31. Qd2 Qf6 32. Re1 Bc5+ 33. Kg2 e3 34.
Rxe3 Bxe3 35. Qxe3 e5 36. f5 h5 37. Bh3 Rd8 38. Qc5 Qd6 39. Qc4+ Qd5+ 0-1

[Event "Mechanics' Fall TNM; 30/90, SD/30"]
[Site "San Francisco"]
[Date "2013.10.29"]
[Round "2.28"]
[White "Chea, Na"]
[Black "Kadri, Barbara"]
[Result "1-0"]
[WhiteElo "1434"]
[BlackElo "705"]
[Annotator "Donaldson"]
[PlyCount "39"]
[EventDate "2013.??.??"]

1. e4 e5 2. f4 Qe7 (2... Qh4+ 3. g3 Qe7) 3. Nf3 Nf6 4. Nc3 g6 5. fxe5 Nh5 6. d4
Nc6 7. Be3 Bg7 8. g4 Nxd4 9. Qxd4 Nf6 10. exf6 Bxf6 11. Qd2 d6 12. e5 Bh4+ 13.
Nxh4 Qxh4+ 14. Bf2 Qe7 15. O-O-O Bxg4 16. Re1 Bf3 17. Rg1 O-O-O 18. Qf4 Be4 19.
Nxe4 dxe5 20. Bh4 1-0

[Event "Mechanics' Summer TNM; 30/90, SD/30"]
[Site "San Francisco"]
[Date "2013.05.28"]
[Round "1.24"]
[White "Chea, Na"]
[Black "Manvelyan, Hovik"]
[Result "0-1"]
[WhiteElo "1428"]
[BlackElo "1902"]
[PlyCount "76"]
[EventDate "2013.??.??"]

1. d4 d5 2. c4 Nf6 3. Nf3 e6 4. Nc3 c6 5. Bg5 Nbd7 6. e3 Qa5 7. c5 Ne4 8. Qc2
Nxg5 9. Nxg5 h6 10. Nf3 g6 11. Bd3 Bg7 12. Bxg6 fxg6 13. Qxg6+ Kf8 14. Qxe6 Qd8
15. Qg6 Qf6 16. Qd3 b6 17. b4 bxc5 18. bxc5 Nxc5 19. Qe2 Ba6 20. Qc2 Nd3+ 21.
Kd2 Qg6 22. Rhg1 Kf7 23. Ne1 Nxe1 24. Raxe1 Qxc2+ 25. Kxc2 Bc4 26. Rb1 Rhb8 27.
a4 a5 28. Rxb8 Rxb8 29. Rb1 Rxb1 30. Nxb1 Ke6 31. Na3 Bf1 32. g3 Kf5 33. Kd2
Bf8 34. Nc2 Ke4 35. Na1 Bb4+ 36. Kd1 Bc4 37. Kc1 Kf3 38. Nc2 Kxf2 0-1

[Event "Mechanics' Neil Falconer TNM; 30/90, SD"]
[Site "San Francisco"]
[Date "2013.08.20"]
[Round "3.15"]
[White "Chen, Mingson"]
[Black "Flores, David"]
[Result "1-0"]
[WhiteElo "1900"]
[BlackElo "1641"]
[PlyCount "55"]
[EventDate "2013.??.??"]

1. Nf3 Nf6 2. d4 e6 3. Bg5 Be7 4. c4 c5 5. Nc3 O-O 6. e3 b6 7. Bd3 Bb7 8. O-O
d6 9. Rc1 Nbd7 10. Qc2 h6 11. Bh4 Ng4 12. Bg3 h5 13. Ne4 Ndf6 14. h3 Nh6 15.
Bf4 Kh8 16. Rfd1 Nxe4 17. Bxe4 d5 18. dxc5 f5 19. Bd3 Rc8 20. Ne5 Qe8 21. c6
Bxc6 22. cxd5 Bb7 23. Qe2 Rxc1 24. Rxc1 Bxd5 25. Bb5 Qd8 26. Ng6+ Kh7 27. Nxf8+
Qxf8 28. Qxh5 1-0

[Event "Mechanics' Neil Falconer TNM; 30/90, SD"]
[Site "San Francisco"]
[Date "2013.08.06"]
[Round "1.19"]
[White "Chen, Mingson"]
[Black "Furukawa, Jon"]
[Result "1/2-1/2"]
[WhiteElo "1900"]
[BlackElo "1489"]
[Annotator "Donaldson"]
[PlyCount "121"]
[EventDate "2013.??.??"]

1. c4 e5 2. Nc3 Nf6 3. e3 Nc6 4. a3 d6 5. d3 g6 6. Nf3 Bg7 7. Be2 O-O 8. O-O
Be6 9. Ng5 Qe7 10. Nxe6 Qxe6 11. Bf3 Qd7 12. Bd2 Rab8 13. Qc2 Ne7 14. Nd5 c6
15. Nxf6+ Bxf6 16. e4 Rbc8 17. Qa4 b5 18. cxb5 cxb5 19. Qb3 a6 20. Rfc1 Nc6 21.
Be3 Nd4 22. Bxd4 exd4 23. Qd1 Rxc1 24. Rxc1 Rc8 25. Rxc8+ Qxc8 26. Bg4 Qc5 27.
g3 b4 28. axb4 Qxb4 29. Qc2 Qc5 30. Qxc5 dxc5 31. Bd1 Bd8 32. Kf1 Kf8 33. Ke2
Ke7 34. f4 f6 35. Bb3 h6 36. Bc4 a5 37. Kf3 g5 38. Kg4 gxf4 39. Kxf4 Kd6 40.
Kf5 Be7 41. h4 Bd8 42. h5 a4 43. Kg6 Ke5 44. Kxh6 f5 45. Kg6 $4 (45. exf5 Kxf5
46. Kg7 $18) 45... fxe4 46. dxe4 Kxe4 47. h6 Bc7 48. g4 d3 49. Bxd3+ Kxd3 50.
Kf5 a3 51. bxa3 Kd4 52. g5 c4 53. g6 c3 54. g7 c2 55. g8=Q c1=Q 56. Qg4+ Kd5
57. Qe4+ Kc5 58. Qb4+ Kd5 59. Qe4+ Kc5 60. Qb4+ Kd5 61. Qe4+ 1/2-1/2

[Event "Mechanics' Neil Falconer TNM; 30/90, SD"]
[Site "San Francisco"]
[Date "2013.08.27"]
[Round "4.14"]
[White "Chen, Mingson"]
[Black "McCarty-Snead, Callaghan"]
[Result "1/2-1/2"]
[WhiteElo "1900"]
[BlackElo "1736"]
[PlyCount "44"]
[EventDate "2013.??.??"]

1. c4 Nf6 2. Nf3 e6 3. d4 d5 4. Nc3 Bb4 5. Bd2 O-O 6. e3 b6 7. Qa4 Bxc3 8. Bxc3
Bb7 9. O-O-O Ne4 10. Be1 Qd7 11. Qxd7 Nxd7 12. Nd2 Nxd2 13. Bxd2 dxc4 14. f3 b5
15. e4 c6 16. Be2 a5 17. Kb1 Nb6 18. Be3 Nd7 19. Rd2 a4 20. Rc1 Rfe8 21. b4 Nf6
22. Rcd1 a3 1/2-1/2

[Event "Mechanics' Neil Falconer TNM; 30/90, SD"]
[Site "San Francisco"]
[Date "2013.09.17"]
[Round "7.2"]
[White "Chen, Mingson"]
[Black "Winslow, Elliott"]
[Result "0-1"]
[WhiteElo "1900"]
[BlackElo "2298"]
[PlyCount "90"]
[EventDate "2013.??.??"]

1. d4 Nf6 2. Nf3 g6 3. Bg5 Bg7 4. Nbd2 O-O 5. c3 d6 6. e3 c5 7. Be2 Nc6 8. h3
Qb6 9. Qb3 Be6 10. Qa3 cxd4 11. exd4 h6 12. Bh4 Nh5 13. O-O g5 14. Bxg5 hxg5
15. Nxg5 Nf4 16. Rfe1 Nxe2+ 17. Rxe2 Qb5 18. Rxe6 fxe6 19. Nxe6 Rf7 20. Nxg7
Kxg7 21. c4 Qg5 22. Ne4 Qg6 23. Qe3 e5 24. dxe5 dxe5 25. Rd1 Rd8 26. Rd5 Rxd5
27. cxd5 Nd4 28. Ng5 Re7 29. f4 Nf5 30. Qc3 Qb6+ 31. Kh2 Qd4 32. Ne6+ Rxe6 33.
dxe6 Qxf4+ 34. Kg1 Qd4+ 35. Kh2 Qxc3 36. bxc3 Kf6 37. g4 Ne3 38. Kg3 Kxe6 39.
Kf3 Nd5 40. c4 Nb6 41. h4 Nxc4 42. h5 Nd6 43. g5 Kf5 44. g6 Kf6 45. Kg4 b5 0-1